Mitti Di Khoosbo / (Record no. 525832)

000 -LEADER
fixed length control field 00463nam a22001817a 4500
003 - CONTROL NUMBER IDENTIFIER
control field NUST
005 - DATE AND TIME OF LATEST TRANSACTION
control field 20190705052009.0
038 ## - RECORD CONTENT LICENSOR
Staff Name Faiza
082 ## - DEWEY DECIMAL CLASSIFICATION NUMBER
Classification number 891.421
Author Mark SAK
100 ## - MAIN ENTRY--PERSONAL NAME
Personal name Sakar, Ramzan
9 (RLIN) 16776
245 ## - TITLE STATEMENT
Title Mitti Di Khoosbo /
Statement of responsibility, etc. Ramzan Sakar
260 ## - PUBLICATION, DISTRIBUTION, ETC.
Place of publication, distribution, etc. Lahore:
Name of publisher, distributor, etc. Shoaib Publications,
Date of publication, distribution, etc. 1998.
300 ## - PHYSICAL DESCRIPTION
Extent 120p. ;
500 ## - GENERAL NOTE
General note Hard Cover
880 ## - ALTERNATE GRAPHIC REPRESENTATION
Linkage 100-01\r
Title رمضان شاکر
880 ## - ALTERNATE GRAPHIC REPRESENTATION
Linkage 245-02\r
Title /مٹی دی خشبو
942 ## - ADDED ENTRY ELEMENTS (KOHA)
Source of classification or shelving scheme
Koha item type Book
Holdings
Withdrawn status Lost status Source of classification or shelving scheme Damaged status Not for loan Permanent Location Current Location Date acquired Total Checkouts Total Renewals Full call number Barcode Date last seen Date last checked out Price effective from Koha item type
          Central Library (CL) Central Library (CL) 07/05/2019 1 2 891.421 SAK CL-E-1532 12/13/2022 09/27/2022 07/05/2019 Book
© 2023 Central Library, National University of Sciences and Technology. All Rights Reserved.